000 00320nam a2200121Ia 4500
008 191201s2017 xx 000 0 und d
100 _aLINZ,Peter
245 0 _aAn Introduction to Formal Languages and Automata
260 _bJones and Bartdell Learning
_c2017
300 _a449
650 _aB.Tech(CSE)
942 _2ddc
_cBK
999 _c7113
_d7113